| 000 | 00882nam a22002057a 4500 | ||
|---|---|---|---|
| 999 |
_c8602 _d8602 |
||
| 003 | AR-CdUCM | ||
| 008 | 190325b ||||| |||| 00| 0 spa d | ||
| 040 |
_aMUNICIPALIDAD PROVINCIAL DEL CUSCO _cBIBLIOTECA MUNICIPAL DEL CUSCO |
||
| 082 |
_a517 / _bL42 |
||
| 100 |
_aBetithold. Louis _924072 |
||
| 245 |
_aEl Calculo : _bCon Geometria Analitica / |
||
| 260 |
_aMéxico : _bHARLA, S.A. , _c1973. |
||
| 300 |
_a1014 páginas ; _c25 cm. |
||
| 505 | _aContenido : Numeros Reales y desigualdades -- Valor Absoluto -- El plano numerico y graficas de ecuaciones -- Formula de la Distancia y Formula del Punto Medio -- Ecuaciones de una Recta -- El Circulo -- La Parabola -- Traslacion de Ejes --Desigualdades en el Plano... | ||
| 650 |
_aGeometria descriptiva _924073 |
||
| 650 |
_aGeometria Analitica _924074 |
||
| 650 |
_aGeometia General _924075 |
||
| 942 |
_2ddc _cLIBROS |
||
| 945 | _artm | ||